Dragon Ball- Quelle est la race de ces personnages? - Statistiques

Statistiques générales
  • Ce quiz a été pris 278 fois
  • Le résultat moyen est 8 sur 13
Statistiques - réponses
Personnage Race % Correct
Piccolo Namek
98%
C-17 Cyborg
96%
Shenron Dragon
90%
Krilin Humain
90%
Son Goku Saiyan
88%
Dabra Démon
76%
Whis Ange
71%
Boo Majin
61%
Shin Kaioshin
40%
Baby Tsuful
31%
Jimizu Yardrat
7%
Goldoma Metalman
4%
Bojack Clan Hera
3%
Aucun quiz correspondant
Distribution des résultats
% des personnes avec chaque résultat
Percentile par nombre de réponses
Votre historique - résultats
Vous n’avez pas pris ce quiz